000 00641nam a2200229Ia 4500
003 OSt
005 20220923225913.0
006 a|||||r|||| 00| 0
007 ta
008 Pun
024 _a275,749
037 _cTextual
040 _aARTS
_cARTS
_bPun
041 _2Pun
_aPun
082 _aO153,1NCHx, M1
100 _aਚੌਹਾਨ, ਗੁਰਦੇਵ
_9156318
245 0 _aਨਿੱਕੀਆਂ ਘੋੜੀਆਂ ਨਿਕੇ ਚੱਪੂ
260 _c1981
650 _aਪੰਜਾਬੀ ਸਾਹਿਤ
942 _hO153,1NCHx, M1
_cTEXL
_2CC
999 _c381195
_d381195